000 00497nam a22001817a 4500
003 OSt
005 20260427011150.0
008 260427b |||||||| |||| 00| 0 eng d
040 _aDWCL - Main lib
_cOC
082 _aFic. Ed96w
100 _aEdward, E.J.
245 _aWhite Fire /
_cE.J. Edwards
260 _aMilwaukee, Wisconsin :
_bThe Bruce Publishing Company,
_cc1944.
300 _a219 p. :
_c18 cm.
504 _aI. Includes Index.
650 _a1. Fiction
942 _2ddc
_cFIC.
_mFic.
_n0
999 _c9896
_d9896